00291nam a2200121Ia 45000030006000000080041000060400015000471000020000622450049000822600009001315460012001400050017001520STCL150530s9999 xx 000 0 und d aSTCLcSTCL aTheodore Pappas aMalayalam Encyclopaedic Desk Reference vol-1 c2003 aEnglish20220125160227.0